[Event "3R-LV-P.D.- San Viator - Easo: 3-1"]
[Site "Bergara"]
[Date "2017.01.28"]
[Round "3.5"]
[White "Astasio Lopez, David"]
[Black "Sanz Perez, Eduardo"]
[Result "1/2-1/2"]
[WhiteElo "2393"]
[BlackElo "2086"]
[PlyCount "53"]
[EventDate "2017.01.14"]

1. d4 e6 2. Nf3 f5 3. Bf4 Nf6 4. Nbd2 b6 5. e3 Bb7 6. Bd3 Be7 7. O-O O-O 8. Re1
Ne4 9. c4 Nxd2 10. Nxd2 d6 11. Qh5 g6 12. Qh3 g5 13. e4 gxf4 14. exf5 Rf7 15.
Rxe6 Nd7 16. Rae1 Bf6 17. Nf3 Rg7 18. Qh5 Nf8 19. Re8 Qd7 20. Rxa8 Bxa8 21. d5
Qf7 22. Qh3 Bb7 23. Re4 Nd7 24. Rxf4 Ne5 25. Nxe5 Bxe5 26. Rf3 Bc8 27. b3 {
(Ilegible)} 1/2-1/2

[Event "3R-LV-P.D.- San Viator - Easo: 3-1"]
[Site "Bergara"]
[Date "2017.01.28"]
[Round "3.5"]
[White "Segovia Sanchez, Antonio"]
[Black "Villalta Bustillo, Igor"]
[Result "0-1"]
[WhiteElo "2053"]
[BlackElo "2213"]
[PlyCount "88"]
[EventDate "2017.01.14"]

1. d4 f5 2. Bf4 Nf6 3. e3 d6 4. c4 Nbd7 5. Nf3 g6 6. Nc3 Bg7 7. h3 c6 8. Be2
O-O 9. Qc2 Qe8 10. O-O-O e5 11. Bh2 a6 12. c5 e4 13. Nh4 d5 14. g4 Qd8 15. Bg3
b6 16. cxb6 Nxb6 17. gxf5 g5 18. Ng2 Bxf5 19. h4 g4 20. h5 Qe7 21. h6 Bh8 22.
Nf4 Rac8 23. Kb1 c5 24. Qb3 Qd8 25. dxc5 Rxc5 26. Bxa6 Qa8 27. Bb5 Qa5 28. Be2
Rfc8 29. Rc1 Nc4 30. Bxc4 dxc4 31. Qa4 Qb6 32. Rhd1 Ra5 33. Qc2 Nd7 34. Nfd5
Qe6 35. Qe2 Ne5 36. Bh4 Ra7 37. Rc2 Nd3 38. Bg3 Rd8 39. Nf4 Qa6 40. Bh4 Rb8 41.
Ka1 Nxb2 42. Rd8+ Rxd8 43. Kxb2 Qxa2+ 44. Kc1 Qa3+ 0-1

[Event "3R-LV-P.D.- San Viator - Easo: 3-1"]
[Site "Bergara"]
[Date "2017.01.28"]
[Round "3.5"]
[White "Albaina Alvarez, Alvaro"]
[Black "Herasimovich, Volha"]
[Result "1-0"]
[WhiteElo "2054"]
[BlackElo "2098"]
[PlyCount "31"]
[EventDate "2017.01.14"]

1. e4 d5 2. exd5 Qxd5 3. Nc3 Qa5 4. d4 Nf6 5. Nf3 c6 6. Bc4 Bf5 7. Ne5 e6 8. g4
Bg6 9. h4 Be4 10. Rh3 Bd5 11. Bd2 Bxc4 12. Nxc4 Qc7 13. Qf3 Nd5 14. Ne4 Be7 15.
O-O-O Nd7 16. g5 {(Ilegible)} 1-0

[Event "3R-LV-P.D.- San Viator - Easo: 3-1"]
[Site "Bergara"]
[Date "2017.01.28"]
[Round "3.5"]
[White "Abalia Patino, Aritz"]
[Black "Zubizarreta Riego, Mikel"]
[Result "1/2-1/2"]
[WhiteElo "2034"]
[BlackElo "1925"]
[PlyCount "105"]
[EventDate "2017.01.14"]

1. e4 c5 2. Nf3 e6 3. d4 cxd4 4. Nxd4 a6 5. Bd3 Nf6 6. O-O Qc7 7. c4 Nc6 8.
Nxc6 dxc6 9. Qe2 e5 10. Bg5 Bg4 11. f3 Bc5+ 12. Kh1 Be6 13. Nc3 Nh5 14. Rac1 h6
15. Bd2 g5 16. b4 Bxb4 17. Nd5 Bxd5 18. cxd5 Bxd2 19. Qxd2 O-O 20. dxc6 bxc6
21. Rc5 Qd6 22. Qc3 Nf4 23. Bc2 Qd4 24. Rxc6 Qxc3 25. Rxc3 Rfc8 26. Rxc8+ Rxc8
27. Bb3 Kf8 28. g3 Ne2 29. Rf2 Nd4 30. Bd5 Ke7 31. Kg2 Rb8 32. f4 exf4 33. gxf4
f6 34. f5 Kd6 35. Kg3 h5 36. h4 Rb1 37. hxg5 Rg1+ 38. Kh3 Rxg5 39. Rb2 Nxf5 40.
Rb6+ Ke5 41. Re6+ Kd4 42. Rxf6 Ne3 43. Bb7 a5 44. Rd6+ Kc5 45. Re6 Kb4 46. Kh4
Rc5 47. e5 Ka3 48. Kxh5 Kxa2 49. Kg6 Nc4 50. Kf6 Nxe5 51. Rxe5 Rxe5 52. Kxe5
Kb2 53. Bc6 1/2-1/2

[Event "4R-LV-P.D.- Easo - Calasanz 2-2"]
[Site "Bergara"]
[Date "2017.02.04"]
[Round "4.1"]
[White "Beudaert, Xavier"]
[Black "Garcia Gomez, Pio Jesus"]
[Result "1-0"]
[WhiteElo "2275"]
[BlackElo "2247"]
[PlyCount "85"]
[EventDate "2017.01.14"]

1. e4 e6 2. d4 d5 3. Nd2 Nf6 4. e5 Nfd7 5. Bd3 c5 6. c3 Nc6 7. Ne2 Qb6 8. Nf3
cxd4 9. cxd4 f6 10. exf6 Nxf6 11. Bf4 Bb4+ 12. Nc3 Ne4 13. O-O O-O 14. Be3 Nf6
15. a3 Bxc3 16. bxc3 Qc7 17. Re1 Bd7 18. Qc1 Ng4 19. h3 Nxe3 20. Qxe3 Rae8 21.
c4 Qf4 22. c5 Qxe3 23. Rxe3 Rxf3 24. Rxf3 Nxd4 25. Re3 g6 26. Rb1 Bc6 27. Rb4
e5 28. f3 Kf7 29. Kf2 Kf6 30. f4 Nf5 31. Bxf5 Kxf5 32. g4+ Kf6 33. fxe5+ Rxe5
34. Rf4+ Ke6 35. g5 Re4 36. Rexe4+ dxe4 37. Ke3 a5 38. Kd4 a4 39. Rf6+ Ke7 40.
Ke5 e3 41. Re6+ Kd7 42. Kf6 Bd5 43. Rd6+ 1-0

[Event "4R-LV-P.D.- Easo - Calasanz 2-2"]
[Site "Bergara"]
[Date "2017.02.04"]
[Round "4.1"]
[White "Pastor Pons, Carlos Luis"]
[Black "Lakunza Oyarbide, Juan Carlos"]
[Result "1/2-1/2"]
[WhiteElo "2147"]
[BlackElo "2068"]
[PlyCount "80"]
[EventDate "2017.01.14"]

1. e4 e5 2. Nf3 Nc6 3. d4 exd4 4. Bc4 Nf6 5. e5 d5 6. Bb5 Ne4 7. Nxd4 Bc5 8.
O-O O-O 9. Bxc6 bxc6 10. Be3 Bd7 11. f3 Ng5 12. f4 Ne4 13. Nd2 f5 14. Nxe4 fxe4
15. Qd2 Qe7 16. Nb3 Bb6 17. a4 a5 18. Qf2 Qb4 19. Nc5 Bf5 20. Bd4 e3 21. Qxe3
Bxc2 22. Rfc1 Rxf4 23. Qxf4 Bxc5 24. Rxc2 Qxd4+ 25. Qxd4 Bxd4+ 26. Kh1 c5 27.
Rd1 Kf7 28. b3 Ke6 29. g3 Rb8 30. Rd3 Kxe5 31. Re2+ Kd6 32. Kg2 Bf6 33. Kf3 Rb4
34. Red2 c6 35. Rc2 Bd4 36. Re2 Bf6 37. Rc2 Re4 38. Re2 Rxe2 39. Kxe2 Bd4 40.
Rd1 Bf6 1/2-1/2

[Event "4R-LV-P.D.- Easo - Calasanz 2-2"]
[Site "Bergara"]
[Date "2017.02.04"]
[Round "4.1"]
[White "Herasimovich, Volha"]
[Black "Ochoa De Eribe Martinez, Daniel"]
[Result "1/2-1/2"]
[WhiteElo "2098"]
[BlackElo "2074"]
[PlyCount "121"]
[EventDate "2017.01.14"]

1. Nf3 d5 2. b3 Nf6 3. Bb2 Bf5 4. e3 e6 5. d4 Nbd7 6. Be2 Bd6 7. O-O O-O 8. c4
c6 9. Nbd2 Qc7 10. c5 Be7 11. b4 h6 12. a4 Bh7 13. Qb3 b6 14. cxb6 axb6 15.
Rfc1 Rfc8 16. h3 Qd8 17. Bc3 Ne8 18. Qb2 Nd6 19. Ne1 b5 20. a5 Nc4 21. Nxc4
bxc4 22. Bd1 Rcb8 23. Bc2 Bxc2 24. Nxc2 Nf6 25. f3 Bd6 26. Rcb1 Nh5 27. Qc1 Qg5
28. Qe1 Qg6 29. Qf2 Qd3 30. Ra3 Ng3 31. Re1 Nh5 32. Qd2 Qg6 33. Rea1 Qg3 34. f4
Nf6 35. Qe2 Ne4 36. Be1 Qg6 37. Ra4 f5 38. a6 Qf7 39. Bd2 Qf8 40. Qe1 Ra7 41.
Qc1 c3 42. Be1 Bxb4 43. Nxb4 Rxb4 44. Bxc3 Rb6 45. Be1 Qc8 46. Qa3 Kh7 47. Kh2
c5 48. dxc5 Qxc5 49. Qxc5 Nxc5 50. Rb4 Rbxa6 51. Rxa6 Rxa6 52. Bc3 Ne4 53. Bd4
Kg6 54. Rb7 Nf6 55. Kg1 Rc6 56. Re7 h5 57. g3 Rc1+ 58. Kg2 Rc2+ 59. Kg1 Rc6 60.
Kg2 Ra6 61. Kg1 1/2-1/2

[Event "4R-LV-P.D.- Easo - Calasanz 2-2"]
[Site "Bergara"]
[Date "2017.02.04"]
[Round "4.1"]
[White "Gallastegui De La Fuente, Igor"]
[Black "Abalia Patino, Aritz"]
[Result "1-0"]
[WhiteElo "1769"]
[BlackElo "2034"]
[PlyCount "41"]
[EventDate "2017.01.14"]

1. e4 c5 2. Nf3 e6 3. d4 cxd4 4. c3 dxc3 5. Nxc3 Nc6 6. Bc4 Qc7 7. O-O Nf6 8.
Nb5 Qb8 9. e5 Nxe5 10. Nxe5 Qxe5 11. Re1 Qb8 12. Qd4 d6 13. Bf4 e5 14. Rxe5+
Be6 15. Rxe6+ fxe6 16. Bxe6 Be7 17. Rc1 Kd8 18. Nxd6 Rf8 19. Nxb7+ Ke8 20. Qa4+
Nd7 21. Qxd7# 1-0

[Event "4R-LV-P.D.- Santa Ana Siglo XXI - San Viator 0'5-3'5"]
[Site "Bergara"]
[Date "2017.02.04"]
[Round "4.2"]
[White "Sesma Rubio, Patxi"]
[Black "Villalta Bustillo, Igor"]
[Result "1/2-1/2"]
[WhiteElo "2165"]
[BlackElo "2213"]
[PlyCount "50"]
[EventDate "2017.01.14"]

1. d4 d5 2. c4 e6 3. Nc3 Nf6 4. cxd5 exd5 5. Bg5 c6 6. Qc2 Be7 7. e3 Nbd7 8.
Bd3 Nf8 9. Nf3 Ne6 10. Bh4 g6 11. Ne5 Ng7 12. f3 Nd7 13. Bg3 Nxe5 14. Bxe5 Bh4+
15. Bg3 Bxg3+ 16. hxg3 Qg5 17. Qf2 Nf5 18. Bxf5 Bxf5 19. g4 Bd7 20. Ne2 O-O 21.
Qh4 Qxh4+ 22. Rxh4 Rae8 23. Kd2 Re7 24. Rah1 f6 25. Rc1 Rfe8 1/2-1/2

[Event "4R-LV-P.D.- Santa Ana Siglo XXI - San Viator 0'5-3'5"]
[Site "Bergara"]
[Date "2017.02.04"]
[Round "4.2"]
[White "Albaina Alvarez, Alvaro"]
[Black "Roldan Marques, Daniel"]
[Result "1-0"]
[WhiteElo "2054"]
[BlackElo "2209"]
[PlyCount "87"]
[EventDate "2017.01.14"]

1. e4 e6 2. d4 d5 3. Nc3 Nf6 4. Bg5 dxe4 5. Nxe4 Be7 6. Bxf6 gxf6 7. Nf3 a6 8.
Bd3 b5 9. O-O Bb7 10. c3 Nd7 11. a4 h5 12. Re1 Bc6 13. Qe2 f5 14. Ned2 Rb8 15.
axb5 axb5 16. Ra5 b4 17. c4 Bxf3 18. Nxf3 c5 19. d5 Qxa5 20. dxe6 Bd6 21. exd7+
Kxd7 22. Ne5+ Kc7 23. Qf3 Bxe5 24. Rxe5 Rhe8 25. Qxf5 Rxe5 26. Qxe5+ Kb7 27.
Be4+ Ka6 28. h4 Qb6 29. Qxh5 Re8 30. f3 Qc7 31. Qg5 Re5 32. Qf6+ Re6 33. Qf5
Qg3 34. Kf1 Qc7 35. Bd5 Re7 36. Qf6+ Ka5 37. h5 Ka4 38. h6 Qd8 39. Qc6+ Kb3 40.
Qxc5 Re5 41. Qd4 Qf6 42. g4 Ka4 43. b3+ Ka5 44. Qa1+ 1-0

[Event "4R-LV-P.D.- Santa Ana Siglo XXI - San Viator 0'5-3'5"]
[Site "Bergara"]
[Date "2017.02.04"]
[Round "4.2"]
[White "Ortin Blanco, Inigo"]
[Black "Rodal Bonet, Xoan"]
[Result "0-1"]
[WhiteElo "2147"]
[BlackElo "1992"]
[PlyCount "104"]
[EventDate "2017.01.14"]

1. d4 Nf6 2. Bg5 e6 3. e4 Be7 4. Nd2 d5 5. e5 Nfd7 6. Bxe7 Qxe7 7. c3 c5 8.
Ndf3 Nc6 9. Qd2 c4 10. g3 b5 11. Ne2 O-O 12. Bg2 b4 13. O-O Nb6 14. Ne1 Bd7 15.
f4 Rfb8 16. Nc2 Na4 17. f5 Nxb2 18. f6 Qf8 19. fxg7 Qxg7 20. Nf4 bxc3 21. Qxc3
Na4 22. Qf3 Nb6 23. Nh5 Qg6 24. Nf6+ Kf8 25. Qa3+ Kg7 26. Rf4 Qxc2 27. Rg4+ Kh8
28. Rc1 Qd3 29. Rh4 Kg7 30. Rxh7+ Kg6 31. Qxd3+ cxd3 32. Bf3 Nxd4 33. Bh5+ Kf5
34. Re1 Ne2+ 35. Bxe2 dxe2 36. Rxe2 Bb5 37. Re1 Nc4 38. Rh5+ Kg6 39. Rh4 Nxe5
40. Rxe5 Kxf6 41. Re3 Bc4 42. Rf3+ Ke7 43. Rh7 Rb1+ 44. Kg2 Rf8 45. a3 d4 46.
Kf2 Rf1+ 47. Kg2 Bd5 48. Kxf1 Bxf3 49. Rh4 e5 50. Rh6 d3 51. Ke1 e4 52. Kd2 Rc8
0-1

[Event "4R-LV-P.D.- Santa Ana Siglo XXI - San Viator 0'5-3'5"]
[Site "Bergara"]
[Date "2017.02.04"]
[Round "4.2"]
[White "Zubizarreta Riego, Mikel"]
[Black "Garrido Lasheras, David"]
[Result "1-0"]
[WhiteElo "1925"]
[BlackElo "2084"]
[PlyCount "95"]
[EventDate "2017.01.14"]

1. e4 b6 2. d4 Bb7 3. Nc3 e6 4. Be3 Bb4 5. f3 Ne7 6. Qd2 d5 7. e5 c5 8. a3 cxd4
9. Bxd4 Bxc3 10. Bxc3 Nd7 11. O-O-O Qc7 12. f4 Nc5 13. Ne2 Ne4 14. Qe3 Nf5 15.
Qg1 Rc8 16. g4 Nh4 17. Rd3 Nc5 18. Rh3 Ng6 19. Qd4 Ne7 20. Rg1 Nc6 21. Qd1 Ne4
22. Re3 b5 23. Nd4 a6 24. Kb1 Na5 25. Bb4 Nc4 26. Bxc4 bxc4 27. Rf1 a5 28. Be1
Ba6 29. c3 Rb8 30. Qa4+ Kf8 31. f5 Nc5 32. Qc6 Qxc6 33. Nxc6 Rb6 34. Nd4 Nd3
35. Re2 Bc8 36. f6 gxf6 37. Rxf6 Rg8 38. h3 h5 39. gxh5 Rg1 40. Nf3 Rf1 41. h6
Nxe1 42. h7 Nd3+ 43. Ne1 Rxb2+ 44. Rxb2 Rxe1+ 45. Kc2 Re2+ 46. Kd1 Re1+ 47. Kd2
Kg7 48. Rxf7+ 1-0

[Event "4R-LV-P.D.- Orvina 'B - Sestao 'B: 3-1"]
[Site "Bergara"]
[Date "2017.02.04"]
[Round "4.3"]
[White "Jimenez Martin, Gustavo"]
[Black "Sanchez Rodriguez, Ramon"]
[Result "1/2-1/2"]
[WhiteElo "2152"]
[BlackElo "1871"]
[PlyCount "52"]
[EventDate "2017.01.14"]

1. d4 e6 2. Nc3 d5 3. e4 Bb4 4. exd5 exd5 5. Bd3 Ne7 6. Nf3 Bg4 7. O-O c6 8.
Bf4 Nd7 9. Re1 Nf8 10. a3 Bd6 11. Bxd6 Qxd6 12. Be2 Ne6 13. Ne5 Bxe2 14. Nxe2
O-O 15. Ng3 Rae8 16. c3 f6 17. Nd3 f5 18. Ne5 f4 19. Nf1 Rf6 20. Nd2 Ref8 21.
Qe2 Nf5 22. Ndf3 g5 23. Ng4 Rg6 24. Nge5 Rgf6 25. Ng4 Rg6 26. Nge5 Rgf6 1/2-1/2

[Event "4R-LV-P.D.- Orvina 'B - Sestao 'B: 3-1"]
[Site "Bergara"]
[Date "2017.02.04"]
[Round "4.3"]
[White "Wu Martin, Eneko"]
[Black "Mombiela Martinez, Gonzalo"]
[Result "0-1"]
[WhiteElo "2032"]
[BlackElo "2131"]
[PlyCount "124"]
[EventDate "2017.01.14"]

1. e4 d5 2. exd5 Nf6 3. Nc3 Nxd5 4. Bc4 c6 5. Nge2 g6 6. O-O Bg7 7. Ng3 O-O 8.
h4 e5 9. h5 Be6 10. Bb3 Nd7 11. hxg6 hxg6 12. d3 f5 13. Qf3 Nc5 14. Nge2 Nxb3
15. axb3 Nb4 16. Qg3 Nxc2 17. Ra4 f4 18. Bxf4 exf4 19. Nxf4 Bf5 20. Nxg6 Bxg6
21. Qxg6 Rf6 22. Qg3 Nd4 23. Re1 b5 24. Ra6 Nf5 25. Qg4 Nh6 26. Qh5 Nf7 27. Re3
Rh6 28. Qe2 Qc8 29. Ra1 Qc7 30. Rg3 Nd6 31. Qg4 Rf8 32. Re1 Nf5 33. Rh3 Rxh3
34. Qxh3 Qf4 35. Qh5 Nd4 36. Ne4 Rf5 37. Qe8+ Rf8 38. Qh5 Nxb3 39. g3 Qf3 40.
Qg5 Nd4 41. Re3 Qxe3 42. Qxe3 Rf3 43. Qd2 Rxg3+ 44. Kf1 Rg1+ 45. Kxg1 Nf3+ 46.
Kf1 Nxd2+ 47. Nxd2 Bxb2 48. Ke2 Kf7 49. Kd1 Bd4 50. f3 Ke6 51. Nb3 c5 52. Kc2
Ke5 53. Na5 Kf4 54. Nc6 a6 55. Kb3 Kxf3 56. Nb8 a5 57. Nc6 a4+ 58. Kc2 Ke3 59.
Ne7 b4 60. Nd5+ Ke2 61. Nf4+ Kf3 62. Nd5 b3+ 0-1

[Event "4R-LV-P.D.- Orvina 'B - Sestao 'B: 3-1"]
[Site "Bergara"]
[Date "2017.02.04"]
[Round "4.3"]
[White "Monje Peinado, Roberto"]
[Black "Estefano Rilova, Fernando"]
[Result "1-0"]
[WhiteElo "2056"]
[BlackElo "1861"]
[PlyCount "107"]
[EventDate "2017.01.14"]

1. d4 d6 2. g3 e5 3. dxe5 dxe5 4. Qxd8+ Kxd8 5. Nc3 c6 6. f4 exf4 7. Bxf4 Nf6
8. O-O-O+ Ke8 9. a3 Be6 10. Bh3 Bxh3 11. Nxh3 Nbd7 12. e4 Be7 13. Rhe1 Ng4 14.
e5 Nc5 15. Ng5 Bxg5 16. Bxg5 Ne6 17. Ne4 Nxh2 18. Nd6+ Kf8 19. Bd2 b6 20. Re2
Nf3 21. Rf1 Ned4 22. Ref2 Nxe5 23. Nxf7 Nxf7 24. Rxf7+ Kg8 25. Rd7 c5 26. Rff7
h5 27. Rxg7+ Kf8 28. Rdf7+ Ke8 29. Re7+ Kf8 30. Ref7+ Ke8 31. Bg5 Ne6 32. Rxa7
Rxa7 33. Rxa7 Rg8 34. Ra8+ Kf7 35. Rxg8 Kxg8 36. Bh4 Kf7 37. Kd2 Nd4 38. Bd8
Nf5 39. Bxb6 Nxg3 40. Ke3 Nf1+ 41. Kf4 h4 42. Kg4 Ne3+ 43. Kxh4 Nxc2 44. Bxc5
Ke6 45. Kg3 Kd5 46. Bf8 Kc4 47. Kf4 Kb3 48. Ke4 Ne1 49. Kd5 Nd3 50. Bg7 Ka4 51.
Kc6 Nf4 52. b4 Ne6 53. Bf6 Nf4 54. b5 {(Ilegible)} 1-0

[Event "4R-LV-P.D.- Orvina 'B - Sestao 'B: 3-1"]
[Site "Bergara"]
[Date "2017.02.04"]
[Round "4.3"]
[White "Oriza De Castro, Inigo"]
[Black "Blanco Sisniega, Jonas"]
[Result "1/2-1/2"]
[WhiteElo "1748"]
[BlackElo "1767"]
[PlyCount "68"]
[EventDate "2017.01.14"]

1. e4 c5 2. d4 cxd4 3. c3 d3 4. Bxd3 Nc6 5. f4 d6 6. Nf3 Nf6 7. h3 e6 8. Be3
Be7 9. Nbd2 a6 10. Qe2 b5 11. a3 Qc7 12. Rc1 Bb7 13. Qf2 Rc8 14. O-O O-O 15. g4
e5 16. f5 d5 17. g5 Nxe4 18. Nxe4 dxe4 19. Bxe4 Bd6 20. f6 g6 21. Qh4 Rfe8 22.
b4 Nd8 23. Bxb7 Qxb7 24. c4 e4 25. Nd2 Bb8 26. c5 Qd5 27. Rcd1 Qa2 28. Rf2 Qxa3
29. Nc4 bxc4 30. Rxd8 Qxe3 31. Qh6 Bh2+ 32. Kf1 Qc1+ 33. Ke2 Qc2+ 34. Ke1 Qc1+
1/2-1/2

[Event "4R-LV-P.D.- Egidazu/B. Gorbea - Urnieta: 1'5-2'5"]
[Site "Bergara"]
[Date "2017.02.04"]
[Round "4.5"]
[White "Arnal Iturgaitz, Aitor"]
[Black "Aguirre Canflanca, Josu"]
[Result "1/2-1/2"]
[WhiteElo "2253"]
[BlackElo "2199"]
[PlyCount "109"]
[EventDate "2017.01.14"]

1. e4 e6 2. d4 d5 3. Nd2 Be7 4. Ngf3 Nf6 5. Bd3 c5 6. exd5 Qxd5 7. dxc5 Nc6 8.
O-O Bxc5 9. Nb3 Be7 10. Qe2 Qh5 11. Bf4 O-O 12. c3 b6 13. a4 a5 14. Rad1 Nd5
15. Bg3 Bb7 16. Rfe1 Rfe8 17. Bb5 Rec8 18. Nbd4 Nxd4 19. Nxd4 Qxe2 20. Bxe2 Nf6
21. Nb5 Bc6 22. h3 Ne4 23. Bf4 Bc5 24. Nd4 Bxa4 25. b3 Bxd4 26. Rxd4 Bc6 27. c4
Nc5 28. Bd1 Ra7 29. Bc2 Rd7 30. Red1 Rcd8 31. Rxd7 Rxd7 32. Rxd7 Nxd7 33. f3 e5
34. Be3 g6 35. Kf2 f6 36. g4 Kf7 37. f4 e4 38. f5 g5 39. Bd4 Ke7 40. Ke3 Nc5
41. Bxc5+ bxc5 42. Bxe4 Bd7 43. Bd5 Kd6 44. Kd3 Ke5 45. Ke3 h6 46. Be4 Be8 47.
Bd5 h5 48. Bf3 h4 49. Bd5 Bd7 50. Be4 a4 51. bxa4 Bxa4 52. Bd5 Bc2 53. Bb7 Bb1
54. Bc6 Ba2 55. Bd5 1/2-1/2

[Event "4R-LV-P.D.- Egidazu/B. Gorbea - Urnieta: 1'5-2'5"]
[Site "Bergara"]
[Date "2017.02.04"]
[Round "4.5"]
[White "Ortega Fuentes, Luis Angel"]
[Black "Ladron De Guevara Galar, Fco J"]
[Result "1-0"]
[WhiteElo "2136"]
[BlackElo "2148"]
[PlyCount "132"]
[EventDate "2017.01.14"]

1. Nf3 Nf6 2. c4 e6 3. g3 b6 4. Bg2 Bb7 5. O-O c5 6. b3 Be7 7. Bb2 O-O 8. Nc3
Nc6 9. d4 cxd4 10. Nxd4 Qc7 11. e4 Rac8 12. Nc2 d6 13. Ne3 Ne5 14. Qe2 Ned7 15.
Rad1 Nc5 16. Ng4 Ncd7 17. Nxf6+ Nxf6 18. Nb5 Qb8 19. Nxd6 Bxd6 20. e5 Bxg2 21.
Kxg2 Qb7+ 22. Kg1 Be7 23. exf6 Bxf6 24. Bxf6 gxf6 25. Rd4 Rfd8 26. Rh4 Rc5 27.
Qe3 Rg5 28. Rd4 Rxd4 29. Qxd4 Rf5 30. Qg4+ Kf8 31. Rd1 Qc7 32. Qh4 h5 33. Qd4
Ke7 34. h4 Kf8 35. Qd8+ Qxd8 36. Rxd8+ Ke7 37. Ra8 Ra5 38. a4 f5 39. Kf1 Kf6
40. Ke2 e5 41. Ke3 Ke6 42. Rh8 Kd6 43. Kd3 f4 44. Rh6+ Ke7 45. gxf4 exf4 46.
Ke4 f6 47. Kxf4 Ke6 48. f3 Rc5 49. Rh7 Rf5+ 50. Kg3 Ra5 51. Kf2 Kd6 52. Ke3
Re5+ 53. Kd4 Rf5 54. Ke4 Re5+ 55. Kf4 Ra5 56. Rh6 Ke6 57. Rh7 Rf5+ 58. Ke4 Re5+
59. Kd4 Ra5 60. f4 Kd6 61. Ke4 Ke6 62. f5+ Rxf5 63. Re7+ Kxe7 64. Kxf5 a5 65.
Kg6 Ke6 66. Kxh5 f5 1-0

[Event "4R-LV-P.D.- Egidazu/B. Gorbea - Urnieta: 1'5-2'5"]
[Site "Bergara"]
[Date "2017.02.04"]
[Round "4.5"]
[White "Arce Balluerca, Jorge"]
[Black "Manso Marquez, Felix"]
[Result "0-1"]
[WhiteElo "2018"]
[BlackElo "2086"]
[PlyCount "92"]
[EventDate "2017.01.14"]

1. Nf3 d5 2. g3 Nf6 3. Bg2 c6 4. O-O Nbd7 5. d4 e6 6. c4 Bd6 7. Qb3 O-O 8. Nc3
b6 9. e4 Nxe4 10. Nxe4 dxe4 11. Ng5 Nf6 12. Nxe4 Nxe4 13. Bxe4 Qc7 14. Re1 Bb7
15. Qc2 h6 16. Qe2 Rae8 17. Qh5 c5 18. Bxh6 Bxe4 19. Rxe4 f5 20. Rh4 gxh6 21.
dxc5 Bxc5 22. Rd1 Qg7 23. a3 Rd8 24. b4 Rxd1+ 25. Qxd1 Be7 26. Rd4 Qf6 27. Rd7
Rd8 28. c5 bxc5 29. Rxd8+ Bxd8 30. bxc5 Qe7 31. Kg2 Qb7+ 32. Kh3 Be7 33. Qa4
Kg7 34. Qe8 Bxc5 35. Qxe6 Qe4 36. Qd7+ Kg6 37. Qc8 Bxf2 38. Qg8+ Kf6 39. Qh8+
Ke7 40. Qxh6 Bd4 41. Qh7+ Kd6 42. Qg6+ Qe6 43. Qh5 f4+ 44. Kg2 Qe4+ 45. Kh3 f3
46. Qh6+ Qe6+ 0-1

[Event "4R-LV-P.D.- Egidazu/B. Gorbea - Urnieta: 1'5-2'5"]
[Site "Bergara"]
[Date "2017.02.04"]
[Round "4.5"]
[White "Corral Sierra, Javier"]
[Black "Landa Ceballos, Jose A"]
[Result "0-1"]
[WhiteElo "2050"]
[BlackElo "2021"]
[PlyCount "70"]
[EventDate "2017.01.14"]

1. c4 Nf6 2. g3 g6 3. Bg2 Bg7 4. Nc3 O-O 5. d4 d6 6. e4 c5 7. d5 Na6 8. Nge2
Nc7 9. O-O a6 10. a4 b6 11. h3 Rb8 12. f4 b5 13. axb5 axb5 14. e5 Nfe8 15. cxb5
Nxb5 16. Nxb5 Rxb5 17. Nc3 Rb8 18. Qe2 Qb6 19. Re1 Nc7 20. Kh2 Na6 21. exd6
exd6 22. Qe7 Rb7 23. Qe2 Nb4 24. Ra8 Ra7 25. Rxa7 Qxa7 26. Bf1 Qd7 27. Qf3 Nc2
28. Rd1 Re8 29. g4 Qb7 30. Ne4 Qe7 31. Bg2 f5 32. Qf2 Nd4 33. gxf5 Nxf5 34. Rd3
Bd4 35. Qf1 Ba6 0-1

[Event "5R-LV-P.D.- Calasanz - Urnieta: 2'5-1'5"]
[Site "Bergara"]
[Date "2017.02.11"]
[Round "5.1"]
[White "Knorr Jarillo, Jose"]
[Black "Aguirre Canflanca, Josu"]
[Result "1-0"]
[WhiteElo "2168"]
[BlackElo "2199"]
[PlyCount "87"]
[EventDate "2017.01.14"]

1. e4 e6 2. d4 d5 3. Nc3 Bb4 4. e5 c5 5. a3 Bxc3+ 6. bxc3 Ne7 7. Nf3 Qa5 8. Qd2
b6 9. Bd3 c4 10. Be2 Qa4 11. h4 Bd7 12. h5 h6 13. Bd1 Nbc6 14. Qf4 Rg8 15. Rb1
O-O-O 16. Nh2 Qa5 17. Rb4 Rdf8 18. Ng4 Nf5 19. Ne3 Nxe3 20. Qxe3 Nxb4 21. cxb4
Qa6 22. c3 Ba4 23. Bg4 Bc2 24. O-O Bd3 25. Re1 Qa4 26. Qh3 Kd7 27. Qe3 Qc2 28.
Bd2 Bf5 29. Bd1 Qd3 30. Qf4 Kc6 31. f3 Bh7 32. Be2 Qf5 33. Qh4 f6 34. Bd1 Qd3
35. Qf2 g5 36. exf6 Rxf6 37. Re5 Rgf8 38. Qe1 Kd6 39. Be3 Qb1 40. Bf2 Qa2 41.
Bg3 Kd7 42. Re2 Qxa3 43. Rd2 Rf5 44. Qe3 {(Ilegible)} 1-0

[Event "5R-LV-P.D.- Calasanz - Urnieta: 2'5-1'5"]
[Site "Bergara"]
[Date "2017.02.11"]
[Round "5.1"]
[White "Manso Marquez, Felix"]
[Black "Pastor Pons, Carlos Luis"]
[Result "1/2-1/2"]
[WhiteElo "2086"]
[BlackElo "2147"]
[PlyCount "82"]
[EventDate "2017.01.14"]

1. Nf3 Nf6 2. g3 g6 3. b3 Bg7 4. Bb2 d6 5. d4 c6 6. Bg2 O-O 7. O-O Bf5 8. Nbd2
Qc8 9. Re1 d5 10. c4 Ne4 11. cxd5 cxd5 12. Rc1 Qd8 13. Nh4 Nxd2 14. Nxf5 Nf3+
15. Bxf3 gxf5 16. Qd3 Qd7 17. Ba3 Nc6 18. e3 Rfc8 19. Rc2 e6 20. Rec1 Nd8 21.
h3 Rxc2 22. Qxc2 Nc6 23. g4 fxg4 24. hxg4 Rc8 25. Qd3 Ne7 26. Rxc8+ Nxc8 27.
Bd1 Ne7 28. Bc2 Ng6 29. f4 Bf8 30. Bb2 Bd6 31. Qe2 Qe7 32. Qg2 Qh4 33. Bc3 Nf8
34. Kf1 Ng6 35. Bd2 Qe7 36. Qh3 Nf8 37. Qh6 Ng6 38. Be1 Qf6 39. Bf2 Be7 40. g5
Qg7 41. Qxg7+ Kxg7 1/2-1/2

[Event "5R-LV-P.D.- Calasanz - Urnieta: 2'5-1'5"]
[Site "Bergara"]
[Date "2017.02.11"]
[Round "5.1"]
[White "Ochoa De Eribe Martinez, Daniel"]
[Black "Corral Sierra, Javier"]
[Result "1/2-1/2"]
[WhiteElo "2074"]
[BlackElo "2050"]
[PlyCount "169"]
[EventDate "2017.01.14"]

1. e4 c5 2. Nf3 a6 3. c4 e6 4. d4 cxd4 5. Nxd4 Qc7 6. Nc3 Nf6 7. a3 b6 8. Be3
Bb7 9. f3 d6 10. Be2 Be7 11. Qd2 Nbd7 12. O-O O-O 13. b4 Rfe8 14. Rfc1 Rac8 15.
Rab1 Qb8 16. Na4 d5 17. exd5 exd5 18. c5 b5 19. Nb2 Ne5 20. Bf2 Bf8 21. Bd3 g6
22. Re1 Bg7 23. Rbd1 Rcd8 24. Bc2 Nc4 25. Qc3 Nh5 26. Nd3 Rxe1+ 27. Rxe1 Re8
28. a4 Qd8 29. axb5 axb5 30. Kf1 Bc8 31. Rxe8+ Qxe8 32. Qe1 Qxe1+ 33. Kxe1 Bxd4
34. Bxd4 Bf5 35. g4 Bxd3 36. Bxd3 Nf4 37. Bxc4 dxc4 38. c6 Nd5 39. Be5 Kf8 40.
Bd6+ Ke8 41. Kd2 Ne7 42. c7 Nc8 43. Be5 Kd7 44. Ke3 Ne7 45. Ke4 f5+ 46. gxf5
gxf5+ 47. Ke3 Nd5+ 48. Kd4 Nxb4 49. Bd6 Na6 50. Ke5 Nxc7 51. Bf8 Ne6 52. Bb4
Ng5 53. Kf4 Ne6+ 54. Kxf5 Nd4+ 55. Ke4 Nc6 56. Bf8 Ke6 57. f4 Ne7 58. Kd4 Ng6
59. Bh6 Kd6 60. f5 Nh8 61. Bf8+ Kc6 62. Bb4 Nf7 63. h4 h5 64. Ke4 c3 65. Bxc3
Kc5 66. f6 Kc4 67. Ba1 b4 68. Kf5 Kd5 69. Kg6 Ke6 70. Kxh5 Kf5 71. Bb2 b3 72.
Ba1 Ne5 73. Bxe5 Kxe5 74. f7 b2 75. f8=Q b1=Q 76. Qg7+ Kf4 77. Qd4+ Kg3 78.
Qg4+ Kh2 79. Qf4+ Kh3 80. Qf3+ Kh2 81. Qf2+ Kh3 82. Qe3+ Kh2 83. Qe2+ Kg3 84.
Qg4+ Kh2 85. Qf5 {(Ilegible)} 1/2-1/2

[Event "5R-LV-P.D.- Calasanz - Urnieta: 2'5-1'5"]
[Site "Bergara"]
[Date "2017.02.11"]
[Round "5.1"]
[White "Memdikute Fierro, Claudio"]
[Black "Gallastegi De La Fuente, Igor"]
[Result "1/2-1/2"]
[WhiteElo "2021"]
[BlackElo "1769"]
[PlyCount "38"]
[EventDate "2017.01.14"]

1. e4 c5 2. c3 d5 3. exd5 Qxd5 4. d4 cxd4 5. cxd4 Nc6 6. Nf3 e5 7. Nc3 Bb4 8.
Be3 exd4 9. Nxd4 Nf6 10. Ndb5 O-O 11. a3 Bxc3+ 12. Nxc3 Qe5 13. Be2 Rd8 14. Qa4
a6 15. O-O b5 16. Qf4 Qxf4 17. Bxf4 Nd4 18. Rfe1 Nxe2+ 19. Nxe2 Be6 1/2-1/2

[Event "5R-LV-P.D.- Sestao Bizkaialde 'B - Portugalete: 2-2"]
[Site "Bergara"]
[Date "2017.02.11"]
[Round "5.3"]
[White "Sanchez Rodriguez, Ramon"]
[Black "Perez Fernandez, Modesto"]
[Result "0-1"]
[WhiteElo "1871"]
[BlackElo "2094"]
[PlyCount "42"]
[EventDate "2017.01.14"]

1. d4 d5 2. Nf3 Nf6 3. g3 c5 4. c4 dxc4 5. Bg2 Nc6 6. Qa4 cxd4 7. Qxc4 e5 8.
O-O Be6 9. Qb5 Qb6 10. Qa4 Bd6 11. Ng5 Bd7 12. Na3 Nd8 13. Qd1 Qa6 14. e3 Bxa3
15. bxa3 Bb5 16. Re1 d3 17. Bb2 Nc6 18. Bxc6+ Bxc6 19. Bxe5 Qxa3 20. Rc1 Qa5
21. Bf4 d2 0-1